{"text_format":"2","workbook":"xlsx","n_sheets":2,"sheets":["intrastat","Sheet"],"not_rendered":{"charts":0,"images":0,"macros":0,"external_links":0,"defined_names":1,"comments":0,"pivot_tables":0},"unopened":[],"bounds":{"document_bytes":16777216,"sheet_cells":100000,"run_cost":"one","rows_first":2000,"rows_last":500,"rows_between":2000,"halvings":0,"cell_chars":16384,"cell_head_chars":4096},"cells_cut":0,"cells_raw":0,"read":"whole","date_system":"1900"}

{"sheet":"intrastat","index":0,"n_rows":89,"n_cols":25,"rows_kept":89,"cut":false,"hidden":false,"merged":[]}
["DATA","FURNIZOR","CF","CountryOfOrigin","EXP","DeliveryTermsCode","ACode","Bcode","TransportCode","INVNR","VSCODE","NAME","GROUP","UM","Q","PRICE","NETWEIGHT","NETVALUE","SUPPL","SUPPLVALUE","Ppacking","Spacking","Paper","Plastic","Wooden"]
["2023-04-06","ATLAS DIGITAL SA","EL094154295","JP","GR","EXW",1,1.1000000000000001,3,null,"32151100","ROLAND TE2 INK BK 500cc",null,"Buc",6,205,4.26,1230,2]
["2023-04-25","ATLAS DIGITAL SA","EL094154295","JP","GR","EXW",1,1.1000000000000001,3,null,"32151100","ROLAND TE2 INK BK 500cc",null,"Buc",3,205,2.13,615,2]
["2023-04-25","ATLAS DIGITAL SA","EL094154295","JP","GR","EXW",1,1.1000000000000001,3,null,"32151100","ROLAND EUV5 INK BK 500cc",null,"Buc",2,450,1.24,900,2]
["2023-04-25","ATLAS DIGITAL SA","EL094154295","JP","GR","EXW",1,1.1000000000000001,3,null,"32151100","ROLAND TEXART INK 1L BK",null,"Buc",1,285,0.62,285,2,{"$f":"567*0.1","v":56.7}]
["2023-04-06","ATLAS DIGITAL SA","EL094154295","JP","GR","EXW",1,1.1000000000000001,3,null,"32151900","ROLAND TE2 INK CY 500cc",null,"Buc",3,205,2.13,615,2]
["2023-04-06","ATLAS DIGITAL SA","EL094154295","JP","GR","EXW",1,1.1000000000000001,3,null,"32151900","ROLAND MAX2 ESL4-440 YE",null,"Buc",2,395,1.24,790,2]
["2023-04-06","ATLAS DIGITAL SA","EL094154295","JP","GR","EXW",1,1.1000000000000001,3,null,"32151900","ROLAND MAX2 ESL4-440 MG",null,"Buc",2,395,1.24,790,2]
["2023-04-06","ATLAS DIGITAL SA","EL094154295","JP","GR","EXW",1,1.1000000000000001,3,null,"32151900","ROLAND EUV5 INK WH 220cc",null,"Buc",2,230,0.94,460,2]
["2023-04-06","ATLAS DIGITAL SA","EL094154295","JP","GR","EXW",1,1.1000000000000001,3,null,"32151900","ROLAND EUV5 DECAL PRIMER 220cc",null,"Buc",1,325,0.68,325,2]
["2023-04-06","ATLAS DIGITAL SA","EL094154295","JP","GR","EXW",1,1.1000000000000001,3,null,"32151900","ROLAND TE2 INK YE 500cc",null,"Buc",3,205,2.13,615,2]
["2023-04-06","ATLAS DIGITAL SA","EL094154295","JP","GR","EXW",1,1.1000000000000001,3,null,"32151900","ROLAND TE2 INK MG 500cc",null,"Buc",8,205,5.68,1640,2]
["2023-04-25","ATLAS DIGITAL SA","EL094154295","JP","GR","EXW",1,1.1000000000000001,3,null,"32151900","ROLAND TE2 INK CY 500cc",null,"Buc",2,205,1.42,410,2]
["2023-04-25","ATLAS DIGITAL SA","EL094154295","JP","GR","EXW",1,1.1000000000000001,3,null,"32151900","ROLAND MAX2 ESL4-440 YE",null,"Buc",2,395,1.24,790,2]
["2023-04-25","ATLAS DIGITAL SA","EL094154295","JP","GR","EXW",1,1.1000000000000001,3,null,"32151900","ROLAND EUV PR",null,"Buc",2,330,0.94,660,2]
["2023-04-25","ATLAS DIGITAL SA","EL094154295","JP","GR","EXW",1,1.1000000000000001,3,null,"32151900","ROLAND TE2 INK CY 750cc",null,"Buc",2,285,3.42,570,2]
["2023-04-25","ATLAS DIGITAL SA","EL094154295","JP","GR","EXW",1,1.1000000000000001,3,null,"32151900","ROLAND TE2 INK MG 750cc",null,"Buc",2,285,3.42,570,2]
["2023-04-25","ATLAS DIGITAL SA","EL094154295","JP","GR","EXW",1,1.1000000000000001,3,null,"32151900","ROLAND EUV5 INK GL 500cc",null,"Buc",1,450,0.62,450,2]
["2023-04-25","ATLAS DIGITAL SA","EL094154295","JP","GR","EXW",1,1.1000000000000001,3,null,"32151900","ROLAND MAX2 ESL4-440 MG",null,"Buc",1,395,0.62,395,2]
["2023-04-25","ATLAS DIGITAL SA","EL094154295","JP","GR","EXW",1,1.1000000000000001,3,null,"32151900","ROLAND TE2 INK YE 750cc",null,"Buc",5,285,8.5500000000000007,1425,2]
["2023-04-25","ATLAS DIGITAL SA","EL094154295","JP","GR","EXW",1,1.1000000000000001,3,null,"32151900","ROLAND TE2 INK CY 500cc",null,"Buc",3,205,2.13,615,2]
["2023-04-25","ATLAS DIGITAL SA","EL094154295","JP","GR","EXW",1,1.1000000000000001,3,null,"32151900","ROLAND EUV4 GL",null,"Buc",3,300,1.41,900,2]
["2023-04-25","ATLAS DIGITAL SA","EL094154295","JP","GR","EXW",1,1.1000000000000001,3,null,"32151900","ROLAND EUV4 MG",null,"Buc",5,300,2.35,1500,2]
["2023-04-25","ATLAS DIGITAL SA","EL094154295","JP","GR","EXW",1,1.1000000000000001,3,null,"32151900","ROLAND TEXART INK 1L CY",null,"Buc",2,285,1.24,570,2]
["2023-04-25","ATLAS DIGITAL SA","EL094154295","JP","GR","EXW",1,1.1000000000000001,3,null,"32151900","ROLAND TEXART INK 1L MG",null,"Buc",1,285,0.62,285,2]
["2023-04-25","ATLAS DIGITAL SA","EL094154295","JP","GR","EXW",1,1.1000000000000001,3,null,"32151900","ROLAND TEXART INK 1L YE",null,"Buc",1,285,0.62,285,2]
["2023-04-25","ATLAS DIGITAL SA","EL094154295","JP","GR","EXW",1,1.1000000000000001,3,null,"32151900","ROLAND TE2 INK MG 500cc",null,"Buc",8,205,5.68,1640,2,{"$f":"567*0.7","v":396.9}]
["2023-04-25","ATLAS DIGITAL SA","EL094154295","JP","GR","EXW",1,1.1000000000000001,3,null,"34029090","ROLAND TR2 CLEANING LIQUID_2 500cc",null,"Buc",6,225,4.26,1350,2,{"$f":"567*0","v":0}]
["2023-04-28","ATLAS DIGITAL SA","EL094154295","JP","GR","EXW",1,1.1000000000000001,3,null,"84213925","BOFA EXTR. PRINTPRO BASE LEF2-300",null,"Buc",1,16400,132,16400,2,{"$f":"2368.94*0.2","v":473.78800000000001}]
["2023-04-28","ATLAS DIGITAL SA","EL094154295","JP","GR","EXW",1,1.1000000000000001,3,null,"84433900","ROLAND BN-20",null,"Buc",1,24500,36,24500,2,{"$f":"2368.94*0.2","v":473.78800000000001}]
["2023-04-28","ATLAS DIGITAL SA","EL094154295","JP","GR","EXW",1,1.1000000000000001,3,null,"84433900","ROLAND LEF2-300 OBJECT PRINTER",null,"Buc",1,95000,145,95000,2,{"$f":"2368.94*0.5","v":1184.47}]
["2023-04-06","ATLAS DIGITAL SA","EL094154295","JP","GR","EXW",1,1.1000000000000001,3,null,"84439990","ROLAND ASSY,CAP-TOP 2 XC-540 (UV ink)",null,"Buc",10,136.5,0,1365,2]
["2023-04-06","ATLAS DIGITAL SA","EL094154295","JP","GR","EXW",1,1.1000000000000001,3,null,"84439990","ROLAND ASSY,HEAD INKJET SV LEF2-300",null,"Buc",6,2565,0,15390,2]
["2023-04-06","ATLAS DIGITAL SA","EL094154295","JP","GR","EXW",1,1.1000000000000001,3,null,"84439990","ROLAND FILTER,LED LAMP LEF-20 5PCS.",null,"Buc",6,224.25,0,1345.5,2]
["2023-04-06","ATLAS DIGITAL SA","EL094154295","JP","GR","EXW",1,1.1000000000000001,3,null,"84439990","ROLAND WIPER,HEAD FOR UV INK",null,"Buc",10,48.75,0,487.5,2]
["2023-04-06","ATLAS DIGITAL SA","EL094154295","JP","GR","EXW",1,1.1000000000000001,3,null,"84439990","ROLAND FILTER(M),MIST CARRIAGE LEF-20",null,"Buc",10,13.95,0,139.5,2]
["2023-04-06","ATLAS DIGITAL SA","EL094154295","JP","GR","EXW",1,1.1000000000000001,3,null,"84439990","ROLAND CLEANER,WIPER CG2113",null,"Buc",3,91,0,273,2]
["2023-04-06","ATLAS DIGITAL SA","EL094154295","JP","GR","EXW",1,1.1000000000000001,3,null,"84439990","ROLAND HEAD REFRESHERVT-22 SV LEF-200",null,"Buc",2,510.25,0,1020.5,2]
["2023-04-06","ATLAS DIGITAL SA","EL094154295","JP","GR","EXW",1,1.1000000000000001,3,null,"84439990","ROLAND ASSY,PINCHROLL L CG2162_01",null,"Buc",1,432.25,0,432.25,2]
["2023-04-06","ATLAS DIGITAL SA","EL094154295","JP","GR","EXW",1,1.1000000000000001,3,null,"84439990","ROLAND ASSY,PINCHROLL R CG2162_01",null,"Buc",1,432.25,0,432.25,2]
["2023-04-06","ATLAS DIGITAL SA","EL094154295","JP","GR","EXW",1,1.1000000000000001,3,null,"84439990","ROLAND XD-CH3",null,"Buc",2,240,0,480,2]
["2023-04-25","ATLAS DIGITAL SA","EL094154295","JP","GR","EXW",1,1.1000000000000001,3,null,"84439990","ROLAND WIPER,HEAD VS-640/XR-640",null,"Buc",20,78,0,1560,2]
["2023-04-25","ATLAS DIGITAL SA","EL094154295","JP","GR","EXW",1,1.1000000000000001,3,null,"84439990","ROLAND PAD,CUTTER GX-640",null,"Buc",2,110.5,0,221,2]
["2023-04-25","ATLAS DIGITAL SA","EL094154295","JP","GR","EXW",1,1.1000000000000001,3,null,"84439990","ROLAND WIPER,HEAD FELT VS-640",null,"Buc",10,45.5,0,455,2]
["2023-04-25","ATLAS DIGITAL SA","EL094154295","JP","GR","EXW",1,1.1000000000000001,3,null,"84439990","ROLAND ASSY,CAP-TOP 2 XC-540 (UV ink)",null,"Buc",6,136.5,0,819,2]
["2023-04-25","ATLAS DIGITAL SA","EL094154295","JP","GR","EXW",1,1.1000000000000001,3,null,"84439990","ROLAND CUTTING BLADE ZEC-U3075 32°/0.75, 5pcs",null,"Buc",1,594.75,0,594.75,2]
["2023-04-25","ATLAS DIGITAL SA","EL094154295","JP","GR","EXW",1,1.1000000000000001,3,null,"84439990","ROLAND CLEANER,WIPER CG2113",null,"Buc",3,91,0,273,2]
["2023-04-25","ATLAS DIGITAL SA","EL094154295","JP","GR","EXW",1,1.1000000000000001,3,null,"84439990","ROLAND ASSY,HEAD INKJET SV LEF2-300",null,"Buc",2,2565,0,5130,2]
["2023-04-25","ATLAS DIGITAL SA","EL094154295","JP","GR","EXW",1,1.1000000000000001,3,null,"84439990","ROLAND ASSY,HEAD INKJET SOL XC-540 SV2",null,"Buc",2,2255,0,4510,2]
["2023-04-25","ATLAS DIGITAL SA","EL094154295","JP","GR","EXW",1,1.1000000000000001,3,null,"84439990","ROLAND ASSY,CAP-TOP VS-640_01",null,"Buc",10,227.5,0,2275,2]
["2023-04-28","ATLAS DIGITAL SA","EL094154295","JP","GR","EXW",1,1.1000000000000001,3,null,"84439990","ROLAND STAND PNS-24",null,"Buc",1,655,17,655,2,{"$f":"2368.94*0.2","v":473.78800000000001}]
["2023-04-28","ATLAS DIGITAL SA","EL094154295","JP","GR","EXW",1,1.1000000000000001,3,null,"84561190","ROLAND ROTARY DEVICE SC2-RD-300",null,"Buc",1,4735,32,4735,2,{"$f":"2368.94*0.1","v":236.89400000000001}]
["2023-04-24","BROTHER INT INDUSTRIEMASCHINEN GMBH","DE814895445","JP","DE","EXW",1,1.1000000000000001,3,null,"29094100","BROTHER GTX PRE-TREATMENT 20Kg (17,5 Liter)",null,"Buc",8,2096,96,16768,2]
["2023-04-24","BROTHER INT INDUSTRIEMASCHINEN GMBH","DE814895445","JP","DE","EXW",1,1.1000000000000001,3,null,"29094100","BROTHER GT-3 PRE-TREATMENT 20Kg (16 Liter)",null,"Buc",1,2340,12,2340,2]
["2023-04-26","BROTHER INT INDUSTRIEMASCHINEN GMBH","DE814895445","JP","DE","EXW",1,1.1000000000000001,3,null,"29094100","BROTHER GTX PRE-TREATMENT 20Kg (17,5 Liter)",null,"Buc",20,2096,240,41920,2]
["2023-04-26","BROTHER INT INDUSTRIEMASCHINEN GMBH","DE814895445","JP","DE","EXW",1,1.1000000000000001,3,null,"29094100","BROTHER GT-3 PRE-TREATMENT 20Kg (16 Liter)",null,"Buc",2,2340,24,4680,2,{"$f":"3130.16*0.1","v":313.01600000000002}]
["2023-04-24","BROTHER INT INDUSTRIEMASCHINEN GMBH","DE814895445","JP","DE","EXW",1,1.1000000000000001,3,null,"32151100","BROTHER GTX INK 1.8L BLACK",null,"Buc",1,1372.5,2.1,1372.5,2]
["2023-04-26","BROTHER INT INDUSTRIEMASCHINEN GMBH","DE814895445","JP","DE","EXW",1,1.1000000000000001,3,null,"32151100","BROTHER GT-3 INK BLACK 380cc",null,"Buc",3,619.5,3.15,1858.5,2,{"$f":"3130.16*0.1","v":313.01600000000002}]
["2023-04-13","BROTHER INT INDUSTRIEMASCHINEN GMBH","DE814895445","JP","DE","EXW",1,1.1000000000000001,3,null,"32151900","BROTHER GTX INK 18L WHITE (GTX BULK)",null,"Buc",1,8565,{"$f":"1.05*18","v":18.900000000000002},8565,2]
["2023-04-13","BROTHER INT INDUSTRIEMASCHINEN GMBH","DE814895445","JP","DE","EXW",1,1.1000000000000001,3,null,"32151900","BROTHER GT-3 INK WHITE 380cc (2 pcs)",null,"Buc",5,1040,11.75,5200,2]
["2023-04-13","BROTHER INT INDUSTRIEMASCHINEN GMBH","DE814895445","JP","DE","EXW",1,1.1000000000000001,3,null,"32151900","BROTHER GT-3 INK CYAN 380cc",null,"Buc",4,619.5,4.2,2478,2]
["2023-04-19","BROTHER INT INDUSTRIEMASCHINEN GMBH","DE814895445","JP","DE","EXW",1,1.1000000000000001,3,null,"32151900","BROTHER GT-3 INK WHITE 380cc (2 pcs)",null,"Buc",5,1040,11.75,5200,2]
["2023-04-24","BROTHER INT INDUSTRIEMASCHINEN GMBH","DE814895445","JP","DE","EXW",1,1.1000000000000001,3,null,"32151900","BROTHER GTX INK 1.8L YELLOW",null,"Buc",1,1372.5,4.2,1372.5,2]
["2023-04-24","BROTHER INT INDUSTRIEMASCHINEN GMBH","DE814895445","JP","DE","EXW",1,1.1000000000000001,3,null,"32151900","BROTHER GTX INK WHITE 700cc (2 pcs)",null,"Buc",30,1223.5999999999999,87,36708,2]
["2023-04-26","BROTHER INT INDUSTRIEMASCHINEN GMBH","DE814895445","JP","DE","EXW",1,1.1000000000000001,3,null,"32151900","BROTHER GT-3 INK CYAN 380cc",null,"Buc",2,619.5,2.1,1239,2]
["2023-04-26","BROTHER INT INDUSTRIEMASCHINEN GMBH","DE814895445","JP","DE","EXW",1,1.1000000000000001,3,null,"32151900","BROTHER GT-3 INK MAGENTA 380cc",null,"Buc",3,619.5,3.15,1858.5,2]
["2023-04-26","BROTHER INT INDUSTRIEMASCHINEN GMBH","DE814895445","JP","DE","EXW",1,1.1000000000000001,3,null,"32151900","BROTHER GT-3 INK YELLOW 380cc",null,"Buc",2,619.5,2.1,1239,2,{"$f":"3130.16*0.15","v":469.52399999999994}]
["2023-04-13","BROTHER INT INDUSTRIEMASCHINEN GMBH","DE814895445","JP","DE","EXW",1,1.1000000000000001,3,null,"34029090","BROTHER FULL MAINTENANCE KIT (GT3)",null,"Set",2,189,2,378,2]
["2023-04-26","BROTHER INT INDUSTRIEMASCHINEN GMBH","DE814895445","JP","DE","EXW",1,1.1000000000000001,3,null,"34029090","BROTHER GTX GCX-4E05 CLEANING SOL. 5L",null,"Buc",4,532.5,16.399999999999999,2130,2]
["2023-04-26","BROTHER INT INDUSTRIEMASCHINEN GMBH","DE814895445","JP","DE","EXW",1,1.1000000000000001,3,null,"34029090","BROTHER GTX GCX-4E05 CLEANING SOL. 5L",null,"Buc",4,532.5,16.399999999999999,2130,2,{"$f":"3130.16*0.05","v":156.50800000000001}]
["2023-04-04","BROTHER INT INDUSTRIEMASCHINEN GMBH","DE814895445","JP","DE","EXW",1,1.1000000000000001,3,null,"84433900","BROTHER GT-361 PRINTER",null,"Buc",2,30060,185,60120,2,{"$f":"3130.16*0.35","v":1095.5559999999998}]
["2023-04-04","BROTHER INT INDUSTRIEMASCHINEN GMBH","DE814895445","JP","DE","EXW",1,1.1000000000000001,3,null,"84439990","BROTHER PLATEN, SLEEVE VKF (10.2 x 40.6 cm)",null,"Buc",1,1123.49,0,1123.49,2]
["2023-04-13","BROTHER INT INDUSTRIEMASCHINEN GMBH","DE814895445","JP","DE","EXW",1,1.1000000000000001,3,null,"84439990","BROTHER POLY PRETREAT 90-2357-001 (2L)",null,"Buc",1,236,0,236,2]
["2023-04-26","BROTHER INT INDUSTRIEMASCHINEN GMBH","DE814895445","JP","DE","EXW",1,1.1000000000000001,3,null,"84439990","BROTHER R2R ROLL FEEDING UNIT",null,"Buc",1,35080.5,0,35080.5,2]
["2023-04-26","BROTHER INT INDUSTRIEMASCHINEN GMBH","DE814895445","JP","DE","EXW",1,1.1000000000000001,3,null,"84439990","BROTHER MAINTENANCE KIT 25K (PRO)",null,"Buc",1,1043,0,1043,2]
["2023-04-26","BROTHER INT INDUSTRIEMASCHINEN GMBH","DE814895445","JP","DE","EXW",1,1.1000000000000001,3,null,"84439990","BROTHER MAINTENANCE KIT 25k (GTX)",null,"Buc",1,945,0,945,2]
["2023-04-26","BROTHER INT INDUSTRIEMASCHINEN GMBH","DE814895445","JP","DE","EXW",1,1.1000000000000001,3,null,"84439990","BROTHER MAINTENANCE KIT 25K (PRO BULK)",null,"Buc",1,1428,0,1428,2]
["2023-04-26","BROTHER INT INDUSTRIEMASCHINEN GMBH","DE814895445","JP","DE","EXW",1,1.1000000000000001,3,null,"84439990","BROTHER PLATEN, KIT COMPLETE T-LOCK",null,"Set",1,4196,0,4196,2]
["2023-04-26","BROTHER INT INDUSTRIEMASCHINEN GMBH","DE814895445","JP","DE","EXW",1,1.1000000000000001,3,null,"84439990","BROTHER WIPER CLEANER - 2pcs (GTX/PRO)",null,"Buc",20,63,0,1260,2]
["2023-04-26","BROTHER INT INDUSTRIEMASCHINEN GMBH","DE814895445","JP","DE","EXW",1,1.1000000000000001,3,null,"84439990","BROTHER FAN FILTER SET (GTX)",null,"Buc",20,14,0,280,2]
["2023-04-26","BROTHER INT INDUSTRIEMASCHINEN GMBH","DE814895445","JP","DE","EXW",1,1.1000000000000001,3,null,"84439990","BROTHER FLUSHING FOAM SET (GTX)",null,"Buc",6,87.5,22,525,2,{"$f":"3130.16*0.25","v":782.54}]
["2023-04-04","BROTHER INT INDUSTRIEMASCHINEN GMBH","DE814895445","JP","DE","EXW",1,1.1000000000000001,3,null,"84513000","ST MAXX2G DUAL PRESS 40x50",null,"Buc",2,6383.49,50,12766.98,2]
["2023-04-26","BROTHER INT INDUSTRIEMASCHINEN GMBH","DE814895445","JP","DE","EXW",1,1.1000000000000001,3,null,"84513000","SCH DTF PowDR MACHINE ZSCH803558G1",null,"Buc",1,42478.75,25,42478.75,2,{"$f":"3130.16*0.3","v":939.04799999999989}]
["2023-04-26","DRUCKTECH KFT","HU11904881","HU","HU","EXW",1,1.1000000000000001,3,null,"84439990","DRUCKTECH SPRING W.ACC, HEAT PLATE PHP45-V2",null,"Buc",4,47.5,2,190,2,{"$f":"25*4.99","v":124.75}]
["2023-04-21","STAHLS EUROPE GMBH","DE137872290","DE","DE","EXW",1,1.1000000000000001,3,null,"55039000","ST PROTECTION COVER for HEAT PLATEN",null,"Buc",4,225,4,900,2]
["2023-04-21","STAHLS EUROPE GMBH","DE137872290","DE","DE","EXW",1,1.1000000000000001,3,null,"84439990","ST SP, HEAT PLATEN 40x50 (STX)",null,"Buc",1,1348.4,2,1348.4,2,{"$f":"215*4.99*0.3","v":321.85500000000002}]
["2023-04-21","STAHLS EUROPE GMBH","DE137872290","DE","DE","EXW",1,1.1000000000000001,3,null,"84513000","ST HOTRONIX FUSION iQ 40x50",null,"Buc",1,9925,25,9925,2,{"$f":"215*4.99*0.7","v":750.995}]
["2023-04-19","WALTER SCHULZE GMBH","DE136596684","DE","DE","EXW",1,1.1000000000000001,3,null,"84439990","SCH DTF FILM PREMUIM, 0.4m x 100m ROLL",null,"Buc",2,451.5,0,903,2]
["2023-04-19","WALTER SCHULZE GMBH","DE136596684","DE","DE","EXW",1,1.1000000000000001,3,null,"84439990","SCH REPLACEMENT TEFLON for HEAT PLATEN (40x50)",null,"Buc",2,243.4,3,486.8,2,{"$f":"29.53*4.99","v":147.35470000000001}]

{"sheet":"Sheet","index":1,"n_rows":0,"n_cols":0,"rows_kept":0,"cut":false,"hidden":false,"merged":[]}